Fundamentals of Banking And Insurance (Record no. 60251)
[ view plain ]
| 000 -LEADER | |
|---|---|
| fixed length control field | 00477nam a22001937a 4500 |
| 005 - DATE & TIME | |
| control field | 20260205161347.0 |
| 008 - FIXED-LENGTH DATA ELEMENTS--GENERAL INFORMATION | |
| fixed length control field | 260205b |||||||| |||| 00| 0 eng d |
| 020 ## - ISBN | |
| International Standard Book Number | 9789358401783 |
| Price | 250.00 |
| 040 ## - CATALOGING SOURCE | |
| Original cataloging agency | Doon University |
| 041 ## - Language | |
| Language | English |
| 082 ## - DDC NUMBER | |
| Classification number | 332.1 |
| Book Number | GAR |
| 100 ## - MAIN ENTRY--PERSONAL NAME | |
| Personal name | Garg, Rohit |
| 245 ## - TITLE STATEMENT | |
| Title | Fundamentals of Banking And Insurance |
| 260 ## - PUBLICATION, DISTRIBUTION, ETC. (IMPRINT) | |
| Place of publication, distribution, etc | Mumbai |
| Name of publisher, distributor, etc | Himalaya |
| Date of publication, distribution, etc | 2024 |
| 300 ## - PHYSICAL DESCRIPTION | |
| Pages | 112 |
| 650 ## - Subject | |
| Subject | Commerce |
| 700 ## - Added Entry Personal Name | |
| Added Entry Personal Name | Arora, Tanu |
| 942 ## - ADDED ENTRY ELEMENTS (KOHA) | |
| Koha item type | Books |
| 100 ## - MAIN ENTRY--PERSONAL NAME | |
| -- | 26202 |
| 700 ## - Added Entry Personal Name | |
| -- | 26203 |
| 952 ## - LOCATION AND ITEM INFORMATION (KOHA) | |
| -- | 2026-02-05 |
| 952 ## - LOCATION AND ITEM INFORMATION (KOHA) | |
| -- | 2026-02-05 |
| 952 ## - LOCATION AND ITEM INFORMATION (KOHA) | |
| -- | 2026-02-05 |
| 952 ## - LOCATION AND ITEM INFORMATION (KOHA) | |
| -- | 2026-02-05 |
| 952 ## - LOCATION AND ITEM INFORMATION (KOHA) | |
| -- | 2026-02-05 |
| 952 ## - LOCATION AND ITEM INFORMATION (KOHA) | |
| -- | 2026-02-05 |
| 952 ## - LOCATION AND ITEM INFORMATION (KOHA) | |
| -- | 2026-02-05 |
| 952 ## - LOCATION AND ITEM INFORMATION (KOHA) | |
| -- | 2026-02-05 |
| 952 ## - LOCATION AND ITEM INFORMATION (KOHA) | |
| -- | 2026-02-05 |
| 952 ## - LOCATION AND ITEM INFORMATION (KOHA) | |
| -- | 2026-02-05 |
| Withdrawn status | Lost status | Source of classification or shelving scheme | Damaged status | Not for loan | Location (home branch) | Sublocation or collection (holding branch) | Date acquired | Koha full call number | Accession No. | Koha date last seen | Koha item type | Koha issues (times borrowed) |
|---|---|---|---|---|---|---|---|---|---|---|---|---|
| Not For Loan | Doon University | Doon University | 05.02.2026 | 332.1 GAR | 52231 | 05.02.2026 | Reference | |||||
| Doon University | Doon University | 05.02.2026 | 332.1 GAR | 52232 | 05.02.2026 | Books | ||||||
| Doon University | Doon University | 05.02.2026 | 332.1 GAR | 52233 | 05.02.2026 | Books | ||||||
| Doon University | Doon University | 05.02.2026 | 332.1 GAR | 52234 | 05.02.2026 | Books | ||||||
| Doon University | Doon University | 05.02.2026 | 332.1 GAR | 52235 | 05.02.2026 | Books | ||||||
| Doon University | Doon University | 05.02.2026 | 332.1 GAR | 52236 | 05.02.2026 | Books | ||||||
| Doon University | Doon University | 05.02.2026 | 332.1 GAR | 52237 | 05.02.2026 | Books | ||||||
| Doon University | Doon University | 05.02.2026 | 332.1 GAR | 52238 | 05.02.2026 | Books | ||||||
| Doon University | Doon University | 05.02.2026 | 332.1 GAR | 52239 | 05.02.2026 | Books | ||||||
| Doon University | Doon University | 05.02.2026 | 332.1 GAR | 52240 | 05.02.2026 | Books |